Annual report / (Record no. 3746)

MARC details
000 -LEADER
fixed length control field 00617cas a2200193 4500
001 - CONTROL NUMBER
control field 4522
005 - DATE AND TIME OF LATEST TRANSACTION
control field 20181127173607.0
008 - FIXED-LENGTH DATA ELEMENTS--GENERAL INFORMATION
fixed length control field 080219c200u9999bt ar i0 0eng
010 ## - LIBRARY OF CONGRESS CONTROL NUMBER
LC control number 2007434114
043 ## - GEOGRAPHIC AREA CODE
Geographic area code a-bt---
110 2# - MAIN ENTRY--CORPORATE NAME
Corporate name or jurisdiction name as entry element World Wildlife Fund.
Subordinate unit Bhutan Program.
245 10 - TITLE STATEMENT
Title Annual report /
Statement of responsibility, etc. WWF Bhutan Program Office.
260 ## - PUBLICATION, DISTRIBUTION, ETC.
Place of publication, distribution, etc. Thimphu :
Name of publisher, distributor, etc. WWF Bhutan Program
300 ## - PHYSICAL DESCRIPTION
Extent v. :
Other physical details col. ill. ;
Dimensions 22 x 31 cm.
310 ## - CURRENT PUBLICATION FREQUENCY
Current publication frequency Annual
610 20 - SUBJECT ADDED ENTRY--CORPORATE NAME
Corporate name or jurisdiction name as entry element World Wildlife Fund.
Subordinate unit Bhutan Program
650 #0 - SUBJECT ADDED ENTRY--TOPICAL TERM
Topical term or geographic name entry element Animals
Geographic subdivision Bhutan
856 ## - ELECTRONIC LOCATION AND ACCESS
Host name
Uniform Resource Identifier <a href="http://www.wwfbhutan.org/news2/publications/annual_reports_/">http://www.wwfbhutan.org/news2/publications/annual_reports_/</a>
Link text Annual Report.
Public note
Materials specified
Holdings
Withdrawn status Lost status Source of classification or shelving scheme Damaged status Not for loan Collection code Home library Current library Shelving location Serial Enumeration / chronology Inventory number Total Checkouts Full call number Barcode Date last seen Price effective from Koha item type
    Dewey Decimal Classification     Main TEST RTC Library RTC Library Main opac 8192   333.95095 CHE 30008311 27/11/2018 27/11/2018 Main
    Dewey Decimal Classification     Main TEST RTC Library RTC Library Main opac 8109   333.95095 THO 30007801 27/11/2018 27/11/2018 Main
    Dewey Decimal Classification     Main TEST RTC Library RTC Library Main opac 7332   333.95095 WAN 30007367 27/11/2018 27/11/2018 Main
    Dewey Decimal Classification     Main TEST RTC Library RTC Library Main opac 7687   333.95095 SRI 30008052 27/11/2018 27/11/2018 Main
    Dewey Decimal Classification     Main TEST RTC Library RTC Library Main opac 8191   333.95095 THO 30008277 27/11/2018 27/11/2018 Main
Royal Thimphu College || All Right Reserved